000 00869nam a2200265 i 4500
001 000033225
003 DO-SdBNP
005 20241001152025.0
007 ta
008 110823s1968 pr 000 0 spa d
040 _aDO-SdBNP
_bspa
_cBNPHU
_erda
082 4 _bC827c
_222
100 1 _aCorten, André,
_eautor
_4aut.
_912665
245 1 0 _aCambio social en Santo Domingo /
_cAndré Corten
264 1 _aRío Piedras, Puerto Rico :
_bInstituto de Estudios del Caribe :
_bUniversidad de Puerto Rico,
_c@1968.
300 _a180 páginas ;
_c24 cm.
336 _2rdacontent
_atexto
_btxt
337 _2rdamedia
_asin mediación
_bn
338 _2rdacarrier
_avolumen
_bnc
490 _aEstudio especial ;
_v5
500 _aIncluye referencias bibliográficas y notas al pie de las páginas
590 _aInventariado, 2024/BT
910 _aBtavárez
942 _2ddc
_cLBS1
999 _c32716
_d32716